Statistics for Summer Olympic Games Host Cities

Click here to take the quiz!

General Stats

  • This quiz has been taken 123 times
  • The average score is 24 of 29

Answer Stats

YearAnswer% Correct
2012London
99%
1908London
99%
1948London
99%
1936Berlin
96%
1924Paris
96%
1900Paris
96%
1896Athens
95%
2004Athens
95%
2000Sydney
94%
1964Tokyo
94%
2020Tokyo
94%
2008Beijing
92%
1980Moscow
92%
2016Rio De Janeiro
92%
1992Barcelona
90%
1960Rome
90%
1932Los Angeles
87%
1984Los Angeles
87%
1972Munich
84%
1968Mexico City
78%
1996Atlanta
77%
1988Seoul
77%
1912Stockholm
71%
1928Amsterdam
69%
1976Montreal
64%
1952Helsinki
63%
1956Melbourne
60%
1920Antwerp
53%
1904St Louis
52%

Score Distribution

Percentile by Number Answered

Percent of People with Each Score

Your Score History

You have not taken this quiz